Govt. of
Madhya Pradesh

The Eloquent Garland (Record no. 8820)

MARC details
000 -LEADER
fixed length control field 004820000a22001810004500
003 - CONTROL NUMBER IDENTIFIER
control field MACL
005 - DATE AND TIME OF LATEST TRANSACTION
control field 20150813174536.0
008 - FIXED-LENGTH DATA ELEMENTS--GENERAL INFORMATION
fixed length control field 150813b xxu||||| |||| 00| 0 eng d
040 ## - CATALOGING SOURCE
Original cataloging agency MACL
Transcribing agency MACL
041 ## - LANGUAGE CODE
Language code of text/sound track or separate title English
082 ## - DEWEY DECIMAL CLASSIFICATION NUMBER
Classification number 403/RAJ
100 ## - MAIN ENTRY--PERSONAL NAME
Personal name Rajagopalan, N.
9 (RLIN) 5499
245 ## - TITLE STATEMENT
Title The Eloquent Garland
Remainder of title A Classic Dictionary Of Composers & Musicians
260 ## - PUBLICATION, DISTRIBUTION, ETC. (IMPRINT)
Name of publisher, distributor, etc. Carnatic Classicals
Date of publication, distribution, etc. 2008
Place of publication, distribution, etc. Chennai
350 ## - PRICE (NR) (BK AM CF MU VM SE) [OBSOLETE]
Price 599
650 ## - SUBJECT ADDED ENTRY--TOPICAL TERM
Topical term or geographic name as entry element Dictionary
9 (RLIN) 5501
942 ## - ADDED ENTRY ELEMENTS (KOHA)
Koha item type Books
Call number prefix 403
Source of classification or shelving scheme
Holdings
Withdrawn status Lost status Source of classification or shelving scheme Damaged status Not for loan Home library Current library Date acquired Cost, normal purchase price Total Checkouts Full call number Barcode Date last seen Uniform Resource Identifier Price effective from Koha item type
          MACL MACL 15/04/2015 599.00   403/RAJ CRE023323 02/05/2024 8722 15/04/2015 Books